000 01061nam a2200241Ia 4500
001 9108
003 GE_BSU
008 181216s||||||||xx |||||||||||||| ||und||
040 _cGE_BSU
080 _a821-1+821.161.1-1
100 _aლებანიძე,მურმან
245 _aუკვდავი ყვავილები
245 _bრჩეული თარგმანები:რობერტ ბერნსი,რედიარდ კიპლინგი,რუსი მგოსნები,იაპონური პოეზია,ძველეგვიპტური ლირიკა
245 _cრედ.გ.შახნაზარი.მხატვ.გ.წერეთელი
250 _aმეორე გამ–მა
260 _aთბილისი
260 _bმერანი
260 _c1988
300 _a352გვ.ილ.20სმ.
653 _aრჩეული თარგმანები
653 _aუკვდავი ყვავილები
942 _cBK
999 _c42412
_d42412